Electrical machine drives control : an introduction

Kaydedildi:
Detaylı Bibliyografya
Yazar:  Pyrhönen, Juha
Materyal Türü: Sách
Dil:Undetermined
Baskı/Yayın Bilgisi:  Wiley  2016
Konular:
Etiketler: Etiketle
Etiket eklenmemiş, İlk siz ekleyin!
Thư viện lưu trữ: Trung tâm Thư viện - Trường Đại học Công nghiệp TP. Hồ Chí Minh
LEADER 00551nam a2200157Ia 4500
001 UIH_07212
008 231011s9999 xx 000 0 und d
082 |a  621.46 
100 |a  Pyrhönen, Juha 
245 0 |a  Electrical machine drives control : an introduction 
245 0 |c  Pyrhönen, Juha 
260 |b  Wiley 
260 |c  2016 
650 |a  Electric driving; Electric motors; Lái xe điện; Động cơ điện;  
927 |a Sách 
980 |a Trung tâm Thư viện - Trường Đại học Công nghiệp TP. Hồ Chí Minh